=LDR 00000nam 2200000 4500 =001 INLIS000000000031364 =005 20130612133437 =008 ***********************************ind** =035 ##$$0010-061300000031364 =041 ##$$a ind =082 ##$$a 530 =090 ##$$a 530, Fis p =245 ##$$a PR Fisika Kelas 1 Cawu 3 SLTP =260 ##$$a 1988 $b Solo =300 ##$$a 48 hlm, ilus, 29 cm =650 ##$$a Fisika =650 ##$$a Studi dan Pengajaran =850 ##$$a NBPNMAT